000 00270nam a22001097a 4500
082 _a510 DAV'G
100 _aDAVIES, H.G,HICKS, G.A
_978589
245 _aGENERAL MATHEMATICS FOR TECHNICAL COLLEGE
260 _aNEWYORK
_bMCGRAW HILL
_c1971
300 _a308P
942 _cBK
999 _c583697
_d583697